000 00259nam a22001217a 4500
008 180223b xxu||||| |||| 00| 0 eng d
041 _aeng
080 _a371
100 _a25
101 _aEDU
245 _aBasic Transcription
_cIckes, P.C
942 _2udc
_cBK
999 _c43231
_d43231